Microsoft VBScript step by step / (Record no. 30521)

MARC details
000 -LEADER
fixed length control field 01234nam a22003137a 4500
005 - DATE AND TIME OF LATEST TRANSACTION
control field 20090922095130.0
008 - FIXED-LENGTH DATA ELEMENTS--GENERAL INFORMATION
fixed length control field 090506t xxu||||| |||| 00| 0 eng d
010 ## - LCCN (DPL NO)
LC control number ENG-89197 B-358639
020 ## - INTERNATIONAL STANDARD BOOK NUMBER
Terms of availability 395.00
035 ## - SYSTEM CONTROL NUMBER
System control number EN-72730
035 ## - SYSTEM CONTROL NUMBER
System control number B-358639
037 ## - SOURCE OF ACQUISITION
Source of stock number/acquisition DBAD / PUB
037 ## - SOURCE OF ACQUISITION
Source of stock number/acquisition UBH
040 ## - CATALOGING SOURCE
Original cataloging agency dpl
Language of cataloging English
082 ## - DEWEY DECIMAL CLASSIFICATION NUMBER
Classification number 005.2762
100 ## - MAIN ENTRY--PERSONAL NAME
Personal name Wilson, Ed.
245 ## - TITLE STATEMENT
Title Microsoft VBScript step by step /
Statement of responsibility, etc by Ed Wilson
246 ## - VARYING FORM OF TITLE
Title proper/short title VBScript.
260 ## - PUBLICATION, DISTRIBUTION, ETC. (IMPRINT)
Place of publication, distribution, etc New Delhi
Name of publisher, distributor, etc Prentice- Hall of India
Date of publication, distribution, etc 2008
270 ## - ADDRESS
Address M-97 Connaught Circus
City New Delhi
Postal code 110001
300 ## - PHYSICAL DESCRIPTION
Extent xxvi, 478p.
Dimensions 24 cm.(pbk)
Accompanying material CD-ROM
500 ## - GENERAL NOTE
General note Includes index.
650 ## - SUBJECT ADDED ENTRY--TOPICAL TERM
Topical term or geographic name as entry element Operating systems (Computers)
650 ## - SUBJECT ADDED ENTRY--TOPICAL TERM
Topical term or geographic name as entry element VBScript (Computer program language)
710 ## - ADDED ENTRY--CORPORATE NAME
Corporate name or jurisdiction name as entry element Safari Tech Books Online.
942 ## - ADDED ENTRY ELEMENTS (KOHA)
Institution code [OBSOLETE] dpl
Item type English Books
Call number prefix 005.446 / WIL
Source of classification or shelving scheme Dewey Decimal Classification
Classification part 005.446
Call number suffix WIL
Holdings
Withdrawn status Lost status Source of classification or shelving scheme Damaged status Not for loan Collection code Home library Current library Date acquired Source of acquisition Cost, normal purchase price Total Checkouts Total Renewals Full call number Barcode Date last seen Copy number Cost, replacement price Koha item type
    Dewey Decimal Classification     Non-fiction Janak Puri Janak Puri 22/09/2009 UBH/102/15.9.09/94/4.9.09/16.9.09 395.00 33 5 005.446 WIL B-358639 14/02/2019 1 395.00 English Books

© Delhi Public Library
Hit Counter
free hit counter